Možnosti odbytu slovenských agropotravinárskych výrobkov na medzinárodných trhoch

Hodnotenie potenciálnych predpokladov a reálnych možností úspešného odbytu slovenských agropotravinárskych výrobkov na medzinárodných trhoch. Napriek zvýšenej dotačnej podpore po vstupe do EÚ a plnej liberalizácii obchodu máme z hľadiska konkurencieschopnosti značné rezervy. Kľúčové oblasti ovplyvňu...

Descrizione completa

Salvato in:
Dettagli Bibliografici
Autore principale: Matošková, Dagmar
Altri autori: Gálik, Jozef
Natura: Capitolo di libro
Lingua:slovacco
Soggetti:
Tags: Aggiungi Tag
Nessun Tag, puoi essere il primo ad aggiungerne!!

MARC

LEADER 00000naa$a2200000$$$4500
001 0107210
005 20231018092136.2
041 0 |a slo 
044 |a SK 
245 1 0 |a Možnosti odbytu slovenských agropotravinárskych výrobkov na medzinárodných trhoch  |c Dagmar Matošková, Jozef Gálik 
520 |a Hodnotenie potenciálnych predpokladov a reálnych možností úspešného odbytu slovenských agropotravinárskych výrobkov na medzinárodných trhoch. Napriek zvýšenej dotačnej podpore po vstupe do EÚ a plnej liberalizácii obchodu máme z hľadiska konkurencieschopnosti značné rezervy. Kľúčové oblasti ovplyvňujúce v súčasnosti agropotravinársky zahraničný obchod SR. 
610 2 0 |a výrobky poľnohospodárske 
610 2 0 |a potraviny 
610 2 0 |a obchod zahraničný 
610 2 0 |a trh zahraničný 
610 2 0 |a bilancia obchodná 
610 2 0 |a konkurencieschopnosť 
610 2 0 |a Slovensko 
100 1 |a Matošková, Dagmar 
700 1 |a Gálik, Jozef